000 01812nam a2200529 i 4500
001 55412
003 KOSZ 005
005 20210601125805.0
008 080417s2007 pl a f f |000 0 pol
015 _aUWD 2008/12615
020 _a9788388500954
035 _a991041339279705066
035 _a(PL-WaBN)b21034953-48omnis_nlop
035 _ab21034953
035 _a(OCoLC)749751736
035 _axx001063513
035 _a(PL)b0000002103495
035 _a(EXLNZ-48OMNIS_NETWORK)9910177593205606
040 _aWA N
_cWA N
_dKOSZ 005/HR
041 0 _apol
_beng
046 _k2007
080 _a528.3/.4
080 _a(075.8)
100 1 _aDorożyński, Ryszard
_eAutor
245 1 0 _aPodstawy pomiarów geodezyjnych w ochronie środowiska /
_cRyszard Dorożyński ; Wyższa Szkoła Humanistyczno-Ekonomiczna we Włocławku.
246 1 8 _aPodstawy pomiarów geodezyjnych
260 _aWłocławek :
_bWyższa Szkoła Humanistyczno-Ekonomiczna,
_c2007.
300 _a149, [3] s. :
_bil. ;
_c24 cm.
336 _aTekst
_btxt
_2rdacontent
337 _aBez urządzenia pośredniczącego
_bn
_2rdamedia
338 _aWolumin
_bnc
_2rdacarrier
380 _aKsiążki
380 _aPublikacje dydaktyczne
385 _mPoziom nauczania
_aSzkoły wyższe
388 _a2001-
504 _aBibliogr. s. 147.
546 _aStreszcz. ang. Spis treści także ang.
650 7 _aGeodezja
_2DBN
650 7 _aPomiary
655 7 _aPodręczniki akademickie
_2DBN
658 _aGeografia i nauki o Ziemi
658 _aOchrona środowiska
710 2 _aKujawska Szkoła Wyższa (Włocławek)
_4pbl
856 _uhttp://koha.tu.koszalin.pl/cgi-bin/koha/opac-detail.pl?biblionumber=55412
_yKatalog online BPK
942 _2UKD
_cKS
999 _c55412
_d55412